000 00715nam a2200253Ia 4500
003 OSt
005 20220918165019.0
006 a|||||r|||| 00| 0
007 ta
008 220917b |||||||| |||| 00| 0 eng d
020 _a0844259209
024 _a23,592
037 _cTextual
040 _aARTS
_cARTS
_beng
041 _2eng
_aeng
082 _aO111x(Q5), N6 (TTO)
100 _aBrown Jean E.
_922131
245 0 _aImages from the Holocaust
_b A literature anthology
260 _aIllinois
_bNTC Publishing Group USA
_c1996
300 _axii,579p.
_ccm.
650 _aENGLISH LITERATURE
942 _hO111x(Q5), N6 (TTO)
_cTEXL
_2CC
999 _c127820
_d127820